NFL Teams' Last MVP Quiz Stats

Quiz Updated Nov 8, 2017

Challenge
Share
Tweet
Embed
Score 0/25 Timer 07:00
0 Plays Today
Team MVP % Correct
Denver BroncosPeyton Manning
97.9%
Indianapolis ColtsPeyton Manning
97.9%
New England PatriotsTom Brady
97.9%
Carolina PanthersCam Newton
97.1%
Green Bay PackersAaron Rodgers
95.1%
Minnesota VikingsAdrian Peterson
93.5%
Dallas CowboysEmmitt Smith
87.6%
St. Louis RamsKurt Warner
86.3%
San Francisco 49ersSteve Young
86.2%
Los Angeles ChargersLaDainian Tomlinson
86.1%
Miami DolphinsDan Marino
85.8%
Detroit LionsBarry Sanders
85.2%
Pittsburgh SteelersTerry Bradshaw
78.6%
Team MVP % Correct
Seattle SeahawksShaun Alexander
77.7%
Tennessee TitansSteve McNair
77.2%
New York Jets*Joe Namath
75.9%
Chicago BearsWalter Payton
74%
Oakland RaidersRich Gannon
71.2%
New York GiantsLawrence Taylor
70%
Buffalo BillsThurman Thomas
67.7%
Cincinnati BengalsBoomer Esiason
61.4%
Washington RedskinsJoe Theismann
46.6%
Cleveland BrownsBrian Sipe
23.9%
Philadelphia EaglesNorm Van Brocklin
16.8%
Kansas City Chiefs*Abner Haynes
2.8%

You're not logged in!

Compare scores with friends on all Sporcle quizzes.
Sign Up with Email
OR
Log In

You Might Also Like...

Show Comments

Extras

Top Quizzes Today


Score Distribution

Your Account Isn't Verified!

In order to create a playlist on Sporcle, you need to verify the email address you used during registration. Go to your Sporcle Settings to finish the process.